1631 1252 1720 1864 1482 1690 1491 1631 1412 1127 1725 1650 1592 1154 1531 1118 1122 1900 1523 1796 1113 1541 1391 1491 1207 1657 1553 1277 1634 1315 1538 1327 1805 1504 1991 1331 1786 1708 1044 1980 1817 1183 1945 1514 1892 1743 1262 1091 1296 1394 1895 1390 1598 1857 1297 1894 1473 1484 1538 1996 1827 1861 1808 1156 1547 1390 1276 1121 1878 1517 1815 1288 1488 1706 1770 1457 1438 1686 1268 1349 1392 1256 1519 1544 1355 1572 1472 1458 1633 1988 1864 1999 1761 1548 1526 1845 1636 1588 1478 BCNSPRNW ULIB Ver.6.0+V

เปลี่ยนเป็นภาษาไทย

Change to English
 แสดงรายละเอียดบรรณานุกรม
  กลับหน้าหลัก

Brief Record : Get Marc (ISO 2709) : E-mail record : QR code < ปิดหน้าต่าง
LEADER : 00000nam 2200000uu 4500
001    13399113946
003     ULIB
008    110320s||||||||th 000 0 tha d
099    วจ.WY84^bพ722ค
100 0  พิมพิมล วงศ์ไชยา
245 00 ความรู้ ทัศนคติ ความคาดหวังและการปฏิบัติจริงเกี่ยวกับบริการปฐมภูมิของผู้ปฏิบัติงานเวชปฏิบัติ/^cพิมพิมล วงศ์ไชยา,พินทอง ปินใจ,พรพิมล อรุณรุ่งโรจน์ และ สิริสุดา เตชะวิเศษ
260    พะเยา :^bวิทยาลัยพยาบาลบรมราชชนนี พะเยา,^c2554
300    62 หน้า :^bตาราง
500    รายงานการวิจัย
650  7 การบริการปฐมภูมิ^xวิจัย
650  7 พยาบาลเวชปฏิบัติ^xวิจัย
700 0  พินทอง ปินใจ
700 0  พรพิมล อรุณรุ่งโรจน์
700 0  สิริสุดา เตชะวิเศษ
710 2  วิทยาลัยพยาบาลบรมราชชนนี. ^bพะเยา
945    ^p0^l0^i030977
995    ทศพร
999 ^a ใช้งานได้ทุกระบบ
รายการนี้ยังไม่มีแท็ก
คุณยังไม่ได้ล็อกอิน คุณสามารถมีกิจกรรมร่วมกับเว็บไซต์ได้ แต่ต้องล็อกอินก่อน ::
  ล็อกอิน

รายการสื่อสารสนเทศ

ลำดับที่ ประเภท เลขเรียก/บาร์โค้ด สถานที่ สถานะ
1. งานวิจัย
งานวิจัย
วจ.WY84 พ722ค ฉ.1 
  Barcode: 030977
ห้องสมุดวิทยาเขตสวรรค์ประชารักษ์
►วิจัย
บนชั้น

รายการใกล้เคียง
    ผู้แต่ง [พิมพิมล วงศ์ไชยา]

BibComment


ยังไม่เคยถูกคอมเมนท์

คอมเมนท์ทรัพยากรรายการนี้
  คอมเมนท์: ความรู้ ทัศนคติ ค..


 Copyright 2026. Bcnsprnw @Library